00669nam a2200181Ia 4500008004100000020001500041041001200056082001100068100001200079245011600091260002900207300000800236650001200244700001500256942000700271999001500278952019400293221030s9999 xx 000 0 und d a8184002737 aEnglish a105.23 aY. Modi 4aThe Game Changers : 20 Extraordinary Sucess Stories of Entrepreneurs from IIT Kharagpurcby Y. Modi, A. Kothari bRandom Pub.aNoidac2012 a262 aGeneral aA. Kothari cBK c9067d9067 pBE 12535g150.00l2o105.23 q2028-07-28r2025-10-29 00:00:00s2025-10-29w2022-10-30yBK003Print4070aMIETLIBbMIETLIBcBL-Academic Block B, FL-2, CUP-161, SH-3, R-3d2012-04-3010HBE